Rosales; 1836-1936 /
Guardado en:
| Autor Principal: | |
|---|---|
| Formato: | Libro |
| Publicado: |
Buenos Aires :
Centro naval,
1936
|
| Etiquetas: |
Agregar Etiqueta
Sin Etiquetas, Sea el primero en etiquetar este registro!
|
| LEADER | 00389nam a22001455a 4500 | ||
|---|---|---|---|
| 001 | CEM.cems005308 | ||
| 005 | 20060220000000.0 | ||
| 008 | 130507s1936##################000#0#####d | ||
| 003 | CEMS | ||
| 082 | 0 | 4 | |a 923 |
| 100 | 1 | |a Rattos, Héctor | |
| 245 | 1 | 0 | |a Rosales; 1836-1936 / |
| 260 | |a Buenos Aires : |b Centro naval, |c 1936 | ||
| 300 | |a 1251 p. | ||
| 859 | |a CEMS |b BIB. CEMS - 11 de abril |h 923 |i R71r |p 9612.81 |t Ej.1 | ||
